Categorías y Criterios de la Lista Roja de la UICN: (Registro nro. 19799)

Detalles MARC
000 -CABECERA
Campo de control 00533nam a2200193 a 4500
005 - FECHA Y HORA DE LA ULTIMA TRANSACCION
Campo de control 20191224042333.0
008 - ELEMENTOS DE LONGITUD FIJA—INFORMACION GENERAL
Campo de control 140221b2000 sz ||||| |||| 00| 0 spa d
020 ## - ISBN
ISBN 2831706343
040 ## - FUENTE DE CATALOGACIÓN
Agencia catalogadora original CO-BoIAVH
Agencia transcriptora CO-BoIAVH
041 ## - IDIOMA
Código de idioma para texto/pista de sonido o título separado Español
044 ## - PAÍS DE PUBLICACIÓN
País de publicación Suiza
082 1# - NUMERO DE CLASIFICACION DECIMAL DEWEY
Número de clasificación 346.04695816
Número del ítem C28c
245 00 - MENCION DE TITULO
Título Categorías y Criterios de la Lista Roja de la UICN:
Parte restante del título versión 3.1
260 ## - PUBLICACION, DISTRIBUCION, ETC. (PIE DE IMPRENTA)
Lugar de publicación, distribución, etc. Gland:
Nombre del editor, distribuidor, etc. IUCN,
Fecha de publicación, distribución, etc. 2001.
300 ## - DESCRIPCION FISICA
Extensión 33 páginas.
650 1# - ASIENTO SECUNDARIO DE MATERIA - TERMINO TEMATICO
Término temático o nombre geográfico como elemento de entrada Listas rojas UICN
9 (RLIN) 1359
650 1# - ASIENTO SECUNDARIO DE MATERIA - TERMINO TEMATICO
Término temático o nombre geográfico como elemento de entrada Categorías UICN
9 (RLIN) 4282
942 ## - ELEMENTOS ADICIONALES (KOHA)
Tipo de ítem Folleto
Sistema de clasificación Dewey Decimal Classification
Existencias
Withdrawn status Lost status Sistema de Clasificación Damaged status No para préstamo Colección Inventariado Ubicación Permanente Ubicación actual Fecha de adquisición Total Checkouts Número topográfico Inventario / Código de Barras Date last seen Ejemplar Price effective from Forma de adquisición Tipo de material
    Dewey Decimal Classification     General Inventariado 2017 Bogotá Bogotá 01/09/2017   LB-346.04695816 C28c 042680 01/09/2017 Ej. 1 01/09/2017 Donación Folleto